000 00404nam a22001457a 4500
005 20200613130416.0
008 200613b xxu||||| |||| 00| 0 eng d
082 _a345.4 AIR
110 _aALL INDIA REPORTER,
_96069
245 _aALL INDIA REPORTER, [1981] [VOL-68] SUPREME COURT SECTION
260 _aMUMBAI
_bALL INDIA REPORTER, PVT, LTD.
300 _a1200;p;
650 _aLAW
_95701
942 _cJRL
999 _c7128
_d7126